[Event "POR-ch U14"]
[Site "Luso"]
[Date "2018.03.28"]
[Round "7"]
[White "Marques, Luis Filipe Ribeiro"]
[Black "Loureiro, Pedro Oliveira Pint"]
[Result "1-0"]
[WhiteElo "1246"]
[BlackElo "1070"]
[PlyCount "151"]
[EventDate "2018.03.24"]
[EventType "swiss"]
[EventRounds "7"]
[EventCountry "POR"]
[SourceTitle "EXT 2019"]
[Source "ChessBase"]
[SourceDate "2018.10.10"]
[SourceVersion "1"]
[SourceVersionDate "2018.10.10"]
[SourceQuality "1"]

1. e4 e5 2. Nf3 Nc6 3. Bb5 Nf6 4. d3 h6 5. Bxc6 dxc6 6. Nxe5 Bd6 7. Nf3 0-0 8. Be3 Be6 9. Nc3 Ng4 10. Qd2 f5 11. h3 Ne5 12. Nxe5 Bxe5 13. exf5 Rxf5 14. Rf1 Bd4 15. Bxd4 Qxd4 16. 0-0-0 Raf8 17. f3 Ra5 18. a3 b5 19. Nd5 Rxa3 20. Qb4 Ra1+ 21. Kd2 Rxd1+ 22. Kxd1 Qxd5 23. Re1 Rf6 24. Qe7 Qd7 25. Qc5 a5 26. Qa3 a4 27. Qc5 Qd6 28. Qh5 Bf7 29. Qg4 a3 30. bxa3 Re6 31. Rxe6 Bxe6 32. Qe4 Bf7 33. Qg4 Qxa3 34. Qc8+ Kh7 35. Qxc7 Qa1+ 36. Kd2 Qf6 37. Qb6 Qg6 38. Qf2 c5 39. Kc3 Qf6+ 40. Kd2 Qf4+ 41. Kd1 c4 42. dxc4 Qxc4 43. Kc1 b4 44. Kd1 b3 45. cxb3 Qxb3+ 46. Ke1 Qb1+ 47. Ke2 Bc4+ 48. Ke3 Qd3+ 49. Kf4 g5+ 50. Kg3 Qd6+ 51. f4 h5 52. Qe3 Kh6 53. h4 gxh4+ 54. Kxh4 Qf6+ 55. Kh3 Be6+ 56. f5+ Kg7 57. Qxe6 Qc3+ 58. g3 h4 59. Qg6+ Kf8 60. Kxh4 Qh8+ 61. Kg5 Qh3 62. Qh6+ Qxh6+ 63. Kxh6 Kf7 64. g4 Kf6 65. g5+ Kf7 66. Kh7 Kf8 67. g6 Ke7 68. g7 Kf6 69. g8Q Ke5 70. Qe6+ Kf4 71. Kg6 Kf3 72. Kg5 Kg3 73. Qe3+ Kh2 74. Qf3 Kg1 75. Qe2 Kh1 76. Kg4 1-0

[Event "POR-ch U14"]
[Site "Luso"]
[Date "2018.03.26"]
[Round "4"]
[White "Loureiro, Pedro Oliveira Pint"]
[Black "Fonseca, Pedro Miguel Ramos"]
[Result "0-1"]
[WhiteElo "1070"]
[BlackElo "1323"]
[PlyCount "70"]
[EventDate "2018.03.24"]
[EventType "swiss"]
[EventRounds "7"]
[EventCountry "POR"]
[SourceTitle "EXT 2019"]
[Source "ChessBase"]
[SourceDate "2018.10.10"]
[SourceVersion "1"]
[SourceVersionDate "2018.10.10"]
[SourceQuality "1"]

1. e4 e5 2. Nf3 Nc6 3. Bc4 Bc5 4. 0-0 Nf6 5. Nc3 0-0 6. d3 h6 7. Be3 Bb6 8. h3 d6 9. Qe2 Na5 10. Nh2 Nxc4 11. dxc4 c6 12. Rad1 Ba5 13. c5 Bxc3 14. bxc3 d5 15. exd5 cxd5 16. f4 Ne4 17. Qd3 exf4 18. Rxf4 Qa5 19. c4 Nxc5 20. Bxc5 Qxc5+ 21. Kh1 dxc4 22. Rxc4 Qa5 23. a4 Be6 24. Rh4 Rad8 25. Qe2 Rxd1+ 26. Qxd1 Re8 27. Qf3 Qe1+ 28. Nf1 Qxh4 29. Kh2 Bd5 30. Qc3 Qf4+ 31. Ng3 Qf2 32. Qxg7+ Kxg7 33. Nh5+ Kg6 34. Nf4+ Qxf4+ 35. g3 Qf2# 0-1

[Event "POR-ch U14"]
[Site "Luso"]
[Date "2018.03.24"]
[Round "1"]
[White "Loureiro, Pedro Oliveira Pint"]
[Black "Guerreiro, Jose Velho"]
[Result "0-1"]
[WhiteElo "1070"]
[BlackElo "1443"]
[PlyCount "106"]
[EventDate "2018.03.24"]
[EventType "swiss"]
[EventRounds "7"]
[EventCountry "POR"]
[SourceTitle "EXT 2019"]
[Source "ChessBase"]
[SourceDate "2018.10.10"]
[SourceVersion "1"]
[SourceVersionDate "2018.10.10"]
[SourceQuality "1"]

1. e4 c5 2. Nc3 Nc6 3. Nf3 g6 4. Bc4 Bg7 5. 0-0 Nf6 6. d4 cxd4 7. Nxd4 0-0 8. f4 Qb6 9. Be3 Nxe4 10. Nd5 Qc5 11. Qd3 Bxd4 12. Qxe4 Bxe3+ 13. Nxe3 e6 14. Qf3 Nd4 15. Qd1 Nf5 16. Qd3 Qxe3+ 17. Qxe3 Nxe3 18. Bd3 Nxf1 19. Rxf1 d5 20. g4 Bd7 21. f5 a6 22. fxg6 fxg6 23. Re1 b5 24. b3 Rae8 25. c4 Rf3 26. Be2 Re3 27. Kf2 Re5 28. Rd1 Rf8+ 29. Ke1 Rf3 30. Kd2 Rf2 31. Re1 Rxh2 32. Kd1 dxc4 33. bxc4 bxc4 34. Bxc4 Rxe1+ 35. Kxe1 a5 36. a3 Kg7 37. Kf1 Kf6 38. Be2 Rh3 39. Kf2 Rxa3 40. Bf3 Rxf3+ 41. Kxf3 a4 42. Kf4 h6 43. g5+ hxg5+ 44. Kg4 a3 45. Kg3 a2 46. Kg2 a1Q 47. Kg3 Qd4 48. Kf3 Kf5 49. Ke2 Qc3 50. Kf2 Kf4 51. Kg1 Qd2 52. Kf1 Kf3 53. Kg1 Qg2# 0-1